000 00757nam a2200229 i 4500
001 120529
003 ES-MaACL
005 20230906191554.0
007 t|
008 070214s1934 sp r ||||1| spa d
080 _a616.936-085
100 1 _aPittaluga, Gustavo,
_d1876-1956
_9155591
245 1 3 _aEl tratamiento del paludismo /
_cGustavo Pittaluga.
260 _aMadrid :
_b[s. n.],
_c1934 (
_fTip. A. F.)
300 _a96 p., 6 h. ;
_c19 cm.
490 1 _aColección de monografías de los tratamientos actuales ;
_v1
504 _aBibliografía: p. [97-105]
650 0 4 _aPaludismo.
_915811
830 0 _aColección de monografías de los tratamientos actuales ;
_v1
_9218683
852 _aES-MaACL
_j1828-F-9
999 _c120529
_d120529